Statistiques concernant Quiz sur l'Éthiopie

Cliquez ici pour prendre le quiz!

Statistiques générales

  • Ce quiz a été pris 3 440 fois
  • Le résultat moyen est 11 sur 20

Statistiques - réponses

QuestionRéponse% Correct
Parmi les pays frontaliers de l'Éthiopie, lequel est le plus grand par la superficie ?Soudan
92%
Parmi les pays frontaliers de l'Éthiopie, lequel est le plus petit par la superficie ?Djibouti
91%
Quelle est la capitale de l'Éthiopie?Addis-Abeba
89%
Dans quelle région géographique l'Éthiopie est-elle située ?{Corne} de l'Afrique
88%
Quel pays a envahi l'Éthiopie en 1936 ?Italie
80%
Quel pays a fait sécession de l'Éthiopie en 1993 ?Érythrée
79%
De quelle organisation internationale majeure cette ville est-elle le siège ?Union {Africaine}
78%
Quel nom fut donné à un fossile d'australopithèque découvert en 1974
qui vivait il y a 3,2 millions d'années en Éthiopie ?
Lucy
72%
Quelle épreuve olympique Abebe Bikila a-t-il remportée en 1960, sans chaussures ?Marathon
66%
Quelle rivière majeure prend sa source et coule en Éthiopie ?Nil {Bleu}
66%
Quelle culture originaire d'Éthiopie est aujourd'hui l'un des principaux exports du pays ?Café
43%
Sous quel nom l'Éthiopie était-elle autrefois connue ?Abyssinie
36%
Quelle branche de la religion chrétienne est pratiquée par la majorité des Éthiopiens ?{Orthodoxe} éthiopienne
36%
Quelle religion vénère cet empereur comme son « messie noir » ?Rastafari
35%
Qui fut le empereur d'Éthiopie entre 1930 et 1975 ?Haïlé Sélassié
26%
Quelle est la langue officielle de l'Éthiopie ?Amharique
24%
Quel double concert donné à Londres et à Philadelphie avait pour objectif
de récolter des fonds pour soulager la famine éthiopienne de 1983-1985 ?
Live Aid
22%
Quelle ville d'Éthiopie était le centre d'un empire ayant existé de 100 à 940 après J.-C. ?Aksoum
13%
Quel objet sacré l'Église Sainte-Marie-de-Sion prétend-elle abriter ?Arche d'alliance
13%
Quelle est la devise monétaire de l'Éthiopie ?Birr
12%

Distribution des résultats

Percentile par nombre de réponses

% des personnes avec chaque résultat

Votre développement - résultats

Vous n’avez pas pris ce quiz